Jeux de mots - Mots en sandwich - 1 - Statistiques

Statistiques générales
  • Ce quiz a été pris 517 fois
  • Le résultat moyen est 11 sur 20
Statistiques - réponses
Hint Réponse Hint % Correct
Rouge Gorge Profonde
93%
Grille Pain Béni
87%
Règles du Jeu De l'Oie
80%
Faire la Cour D'assises
75%
Pot au Feu De joie
75%
Cul de Sac À dos
75%
Brise Glace À la vanille
74%
Crève Coeur À l'ouvrage
71%
Sel Mer Caspienne
69%
Contre Sens Giratoire
68%
Presse Orange Pressée
59%
Contre Courant Alternatif
58%
Longue Vue Imprenable
56%
Etouffe Chrétien d'Orient
37%
Chaussures de Marche Militaire
37%
Voiture de Fonction Affine
29%
Bon Point De côté
29%
Pas de Côté Sur cour
17%
Saint Siège De voiture
6%
Très Cher Cousin
0%
Aucun quiz correspondant
Distribution des résultats
% des personnes avec chaque résultat
Percentile par nombre de réponses
Votre historique - résultats
Vous n’avez pas pris ce quiz